[Event "AUTO-OPEN-877"]
[Site "http://www.queenalice.com/game.php?id=291889"]
[Date "2007.10.23"]
[Round "1"]
[White "Martineesch"]
[Black "Uelinton"]
[Result "1-0"]
[WhiteElo "1613"]
[BlackElo "1644"]

1. d4 h6 2. e4 d5 3. Bd3 Nc6 4. e5 Nxd4 5. Bg6 Nxc2+ 6. Bxc2 b6 7. Nf3 Bb7 8.
O-O e6 9. Ba4+ c6 10. Nd4 Bc5 11. Nxc6 Bxc6 12. Nc3 Bxa4 13. Qxa4+ Qd7 14. Nb5
Ke7 15. Be3 Rb8 16. Qxa7 Rd8 17. Qxd7+ Rxd7 18. Bxc5+ bxc5 19. a4 Ra7 20. b3 Rb7
21. f4 f6 22. Rfc1 fxe5 23. fxe5 d4 24. Rxc5 d3 25. a5 d2 26. Rd1 Rd7 27. a6 Kf7
28. Rc8 Ne7 29. Rxh8 Nd5 30. Rxd2 Kg6 31. a7 Nb6 32. Rxd7 Nxd7 33. a8=Q 1-0

[Event "Let's Play Chess!"]
[Site "http://www.queenalice.com/game.php?id=292069"]
[Date "2007.10.24"]
[Round "-"]
[White "elche"]
[Black "Martineesch"]
[Result "1/2-1/2"]
[WhiteElo "1689"]
[BlackElo "1610"]

1. e4 c5 2. Nc3 g6 3. g3 Bg7 4. Bg2 d6 5. d3 Nf6 6. f4 O-O 7. Nf3 a6 8. Nd5 Nxd5
9. exd5 Nd7 10. c3 Nf6 11. c4 b5 12. O-O e6 13. dxe6 Bxe6 14. Rb1 Rb8 15. b3
bxc4 16. dxc4 Bxc4 17. Re1 Bd5 18. Be3 Be4 19. Rc1 Ng4 20. Nh4 Nxe3 21. Rxe3
Bxg2 22. Nxg2 Bd4 23. Rc4 Bxe3+ 24. Nxe3 Qe7 25. Nd5 Qe6 26. Nc7 Qe3+ 27. Kg2
Rfc8 28. Nd5 Qe6 29. Qa1 f5 30. Nf6+ Kf7 31. Nxh7 Rh8 32. Ng5+ Ke7 33. Nxe6 Kxe6
34. Qe1+ Kf7 35. Qd2 Rhd8 36. Qd5+ Ke7 37. Qc6 Rbc8 38. Qxa6 Kf6 39. a4 Ra8 40.
Qb5 Rab8 41. Qc6 Rbc8 42. Qd5 Rd7 43. b4 Rcc7 44. b5 Rb7 45. h4 Ra7 46. b6 Ra6
47. b7 Rb6 48. Rxc5 Rb2+ 49. Kh3 Rbxb7 50. Qd4+ Ke6 51. Qd5+ Kf6 52. g4 fxg4+
53. Kxg4 dxc5 54. Qxc5 Ra7 55. Qg5+ Kf7 56. h5 Rd6 57. Qe5 Rda6 58. Qd5+ Kg7 59.
Qg5 Kh7 60. a5 gxh5+ 61. Qxh5+ Kg7 62. f5 Rxa5 63. Qg6+ Kf8 64. Qd6+ Kf7 65.
Qe6+ Kg7 66. Qg6+ Kf8 67. Qd6+ Kf7 68. Qg6+ 1/2-1/2

[Event "Let's Play Chess!"]
[Site "http://www.queenalice.com/game.php?id=292072"]
[Date "2007.10.24"]
[Round "-"]
[White "Martineesch"]
[Black "elche"]
[Result "1-0"]
[WhiteElo "1310"]
[BlackElo "1646"]

1. d4 d5 2. c4 e6 3. Nc3 Nf6 4. Bg5 Bb4 5. e3 Nbd7 6. cxd5 exd5 7. Bxf6 Qxf6 8.
Bd3 O-O 9. Ne2 Qg5 10. O-O Bxc3 11. Nxc3 Nf6 12. Qf3 Bg4 13. Qf4 Qxf4 14. exf4
c6 15. f5 b6 16. f3 Bh5 17. g4 Bxg4 18. fxg4 Rae8 19. h3 Ne4 20. Nxe4 dxe4 21.
Bc4 b5 22. Bb3 e3 23. Rfe1 a5 24. a3 a4 25. Ba2 Re7 26. Re2 Rfe8 27. Rae1 Kf8
28. d5 cxd5 29. Bxd5 Re5 30. Ba2 Rc5 31. Rxe3 Rxe3 32. Rxe3 Rc2 33. Bd5 Rxb2 34.
Bc6 g6 35. f6 1-0

[Event "Challenge"]
[Site "http://www.queenalice.com/game.php?id=334987"]
[Date "2008.1.11"]
[Round "-"]
[White "Rapha66"]
[Black "Martineesch"]
[Result "0-1"]
[WhiteElo "1711"]
[BlackElo "1803"]

1. e4 c5 2. Bc4 e6 3. d4 cxd4 4. Qxd4 Nc6 5. Qd3 Ne5 6. Qc3 Nxc4 7. Qxc4 Nf6 8.
Bg5 d5 9. Qb5+ Bd7 10. Qxb7 Rb8 11. Bxf6 Qa5+ 12. Bc3 Qxc3+ 13. Nxc3 Rxb7 14.
exd5 Rxb2 15. dxe6 Bxe6 16. Nge2 Bb4 17. O-O Rxc2 18. Rfc1 Rxc1+ 19. Rxc1 Ke7
20. Rb1 a5 21. Ra1 Rc8 22. Ne4 Rc2 23. Nc1 f5 24. Ng3 g6 25. a3 Bxa3 26. Nd3 Bd6
27. Rxa5 Bc4 28. Nxf5+ gxf5 29. Ra7+ Ke6 30. Rxh7 Bxd3 31. g3 Rc1+ 32. Kg2 Bf1+
33. Kf3 Rc3# 0-1

[Event "Challenge"]
[Site "http://www.queenalice.com/game.php?id=350762"]
[Date "2008.2.8"]
[Round "-"]
[White "Martineesch"]
[Black "Eclesiastes"]
[Result "1/2-1/2"]
[WhiteElo "1815"]
[BlackElo "1752"]

1. d4 Nf6 2. Bf4 Nc6 3. e3 g6 4. c3 Bg7 5. Bd3 O-O 6. Nd2 d6 7. h3 e5 8. Bg5
exd4 9. exd4 Re8+ 10. Ne2 a6 11. a4 b6 12. Ne4 Bb7 13. Qc2 Nb8 14. a5 c5 15.
axb6 cxd4 16. O-O Nc6 17. Rfe1 d5 18. Nxf6+ Bxf6 19. Bxf6 Qxf6 20. Nxd4 Nxd4 21.
cxd4 Qxb6 22. Qc5 Qxc5 23. Rxe8+ Qf8 24. Rxf8+ Kxf8 25. b4 Rc8 26. Kf1 Rc3 27.
Bxa6 Bxa6+ 28. Rxa6 Rc4 29. b5 Rxd4 30. Ke2 1/2-1/2

[Event "AUTO-OPEN-877"]
[Site "http://www.queenalice.com/game.php?id=351388"]
[Date "2008.2.9"]
[Round "2"]
[White "janosik"]
[Black "Martineesch"]
[Result "1-0"]
[WhiteElo "1939"]
[BlackElo "1913"]

1. e4 c5 2. c3 Nf6 3. e5 Nd5 4. d4 e6 5. Nf3 Nc6 6. c4 Nb6 7. d5 exd5 8. cxd5
Ne7 9. d6 Nc6 10. Nc3 a6 11. Be3 Rb8 12. Bxc5 Na8 13. Nd5 b6 14. Ba3 Bb7 15. Be2
Rc8 16. O-O b5 17. Rc1 Na5 18. Rxc8 Qxc8 19. b3 Qc6 20. Nf4 Qc3 21. Qc1 Qxc1 22.
Rxc1 Nc6 23. Nd5 h6 24. Bd3 Nd8 25. Nc7+ Nxc7 26. Rxc7 1-0

[Event "AUTO-OPEN-877"]
[Site "http://www.queenalice.com/game.php?id=351389"]
[Date "2008.2.9"]
[Round "2"]
[White "Martineesch"]
[Black "janosik"]
[Result "1-0"]
[WhiteElo "1846"]
[BlackElo "1931"]

1. d4 d5 2. Bf4 Nf6 3. e3 c5 4. c3 Nc6 5. Bd3 e6 6. Nf3 cxd4 7. exd4 Bd6 8. Ne5
O-O 9. Nd2 Qc7 10. Qe2 Ne4 11. Nxe4 dxe4 12. Qxe4 f5 13. Qe3 Bd7 14. O-O Nxe5
15. Bxe5 Bxe5 16. Qxe5 Qb6 17. b3 Rac8 18. Rac1 Rf6 19. Rfe1 Rg6 20. Re3 Qc6 21.
Bf1 Re8 22. Rce1 Kf7 23. c4 Qa6 24. Be2 Qxa2 25. Bh5 Qa6 26. Bxg6+ hxg6 27. Rh3
Kg8 28. Rg3 Kf7 29. h4 Rh8 30. d5 Re8 31. Qc7 Re7 32. d6 1-0

[Event "AUTO-OPEN-877"]
[Site "http://www.queenalice.com/game.php?id=351396"]
[Date "2008.2.9"]
[Round "2"]
[White "Martineesch"]
[Black "arrabi"]
[Result "1-0"]
[WhiteElo "1812"]
[BlackElo "1965"]

1. d4 d5 2. Bf4 Nf6 3. e3 g6 4. Nd2 Bg7 5. Be2 O-O 6. c3 Nbd7 7. Ngf3 Nh5 8. Bg3
Nxg3 9. hxg3 Nf6 10. Ne5 Nd7 11. Ndf3 f6 12. Nxg6 hxg6 13. Bd3 Qe8 14. Nh4 f5
15. g4 e6 16. gxf5 exf5 17. Qf3 c6 18. O-O-O Nf6 19. Qg3 Ng4 20. Nf3 Bh6 21. Ne5
f4 22. Qh4 g5 23. Qh3 Nxe5 24. Bh7+ Kh8 25. Qxh6 Ng4 26. Qxg5 Nxf2 27. Bg6+ Nxh1
28. Rxh1+ Bh3 29. Rxh3+ Kg7 30. Bxe8# 1-0

[Event "AUTO-OPEN-877"]
[Site "http://www.queenalice.com/game.php?id=351397"]
[Date "2008.2.9"]
[Round "2"]
[White "arrabi"]
[Black "Martineesch"]
[Result "1/2-1/2"]
[WhiteElo "1902"]
[BlackElo "1888"]

1. e4 c5 2. Bc4 e6 3. a4 Nc6 4. Nf3 g6 5. O-O Bg7 6. c3 Nge7 7. d4 cxd4 8. cxd4
O-O 9. Bg5 Qb6 10. Qd2 d5 11. a5 Qb4 12. Qxb4 Nxb4 13. Bxe7 Nc2 14. Bxf8 Bxf8
15. Ra4 Bd7 16. Bb3 Bxa4 17. Bxa4 dxe4 18. Ng5 Nxd4 19. Nxe4 b5 20. Bd1 Rd8 21.
g3 h6 22. a6 Bg7 23. Nbd2 Nc6 24. Bf3 Ne5 25. Be2 f5 26. Bxb5 fxe4 27. Nxe4 Rb8
28. f4 Rxb5 29. fxe5 Bxe5 30. Rb1 Rb4 31. Nf2 Rxb2 32. Rxb2 Bxb2 33. Nd3 Bd4+
34. Kg2 e5 35. Kf3 Kf7 36. Ke4 Ke6 37. Nb4 Kd6 38. g4 Kc5 39. Nd3+ Kb5 40. Nxe5
Bxe5 41. Kxe5 Kxa6 42. Kf6 h5 43. g5 Kb7 44. Kxg6 a5 45. Kxh5 a4 46. g6 a3 47.
g7 a2 48. g8=Q a1=Q 49. Qh7+ Kb8 50. Qg8+ Kb7 51. Qh7+ Kb8 52. h4 Qd1+ 53. Kh6
Qd2+ 54. Kg7 Qd7+ 55. Kh6 Qd2+ 56. Kh5 Qd1+ 57. Kg5 Qd2+ 58. Kg4 Qd1+ 59. Kf4
Qf1+ 60. Ke3 Qe1+ 61. Kf3 Qd1+ 62. Ke3 Qe1+ 63. Kd4 Qb4+ 64. Ke3 Qe1+ 1/2-1/2

[Event "AUTO-INT-660"]
[Site "http://www.queenalice.com/game.php?id=385268"]
[Date "2008.4.10"]
[Round "2"]
[White "lelinho"]
[Black "Martineesch"]
[Result "1-0"]
[WhiteElo "2058"]
[BlackElo "1898"]

1. e4 c5 2. Nf3 d6 3. d4 cxd4 4. Nxd4 Nf6 5. Nc3 a6 6. Bc4 b5 7. Bb3 Bg4 8. f3
Bd7 9. Nd5 e6 10. Nxf6+ Qxf6 11. c3 Qh4+ 12. g3 Qh3 13. Qe2 Be7 14. Be3 Nc6 15.
Bc2 O-O 16. Qf2 Ne5 17. O-O-O Nc4 18. Kb1 Nxe3 19. Qxe3 b4 20. cxb4 Rfb8 21. Qc3
Rc8 22. Qd2 Ra7 23. Rhe1 a5 24. b5 Rb7 25. Qxa5 Rcb8 26. Re2 Bxb5 27. Nxb5 Rxb5
28. Qc7 Rxb2+ 29. Kc1 Rb1+ 30. Bxb1 1-0

[Event "AUTO-INT-660"]
[Site "http://www.queenalice.com/game.php?id=385269"]
[Date "2008.4.10"]
[Round "2"]
[White "Martineesch"]
[Black "lelinho"]
[Result "1-0"]
[WhiteElo "1905"]
[BlackElo "2053"]

1. d4 Nf6 2. Bf4 g6 3. e3 Bg7 4. h3 d6 5. Bd3 c5 6. c3 cxd4 7. exd4 O-O 8. Nf3
Nbd7 9. O-O Nd5 10. Bg3 Qb6 11. Qb3 N7f6 12. Qxb6 Nxb6 13. Re1 Nbd5 14. Nbd2 a6
15. a3 Bd7 16. c4 Nb6 17. Rxe7 Nc8 18. Re2 Nh5 19. Bh2 Nf6 20. Rae1 d5 21. c5
Na7 22. Ne5 Bb5 23. Ndf3 Bxd3 24. Nxd3 Nc6 25. Be5 Nxe5 26. Rxe5 Rae8 27. Re7
Ne4 28. Rxb7 Rb8 29. Rxb8 Rxb8 30. Nb4 Nf6 31. Nxa6 Rxb2 32. c6 Ne4 33. Rxe4
dxe4 34. c7 Rc2 35. Nc5 1-0

[Event "AUTO-INT-660"]
[Site "http://www.queenalice.com/game.php?id=385270"]
[Date "2008.4.10"]
[Round "2"]
[White "zechariahsl"]
[Black "Martineesch"]
[Result "0-1"]
[WhiteElo "1712"]
[BlackElo "1865"]

1. e4 e6 2. d4 c5 3. Nf3 cxd4 4. Nxd4 a6 5. c4 Nf6 6. Nc3 Qc7 7. Bd3 Be7 8. Be3
d6 9. f4 O-O 10. O-O Nbd7 11. Qe1 Ng4 12. Qg3 Nxe3 13. Qxe3 Bf6 14. Nde2 Nc5 15.
b3 Nxd3 16. Qxd3 b5 17. cxb5 axb5 18. Rac1 Qb6+ 19. Kh1 b4 20. Na4 Qa6 21. Qxa6
Bxa6 22. Rfe1 Bb5 23. Nb6 Rxa2 24. Ng3 Bc3 25. Re3 Bd4 0-1

[Event "AUTO-INT-660"]
[Site "http://www.queenalice.com/game.php?id=385271"]
[Date "2008.4.10"]
[Round "2"]
[White "Martineesch"]
[Black "zechariahsl"]
[Result "1-0"]
[WhiteElo "1834"]
[BlackElo "1724"]

1. d4 d5 2. c4 e5 3. dxe5 d4 4. Nf3 Nc6 5. g3 Bg4 6. Bg2 Bxf3 7. Bxf3 Nxe5 8.
Bxb7 Rb8 9. Qa4+ Ke7 10. Qxa7 Nxc4 11. b3 Nd6 12. Bg2 Nb7 13. Bxb7 g6 14. Ba3+
Kf6 15. Bxf8 Qxf8 16. Qxd4+ Kg5 17. Qf4+ Kh5 18. Qh4# 1-0

[Event "AUTO-INT-661"]
[Site "http://www.queenalice.com/game.php?id=395933"]
[Date "2008.4.30"]
[Round "2"]
[White "arrabi"]
[Black "Martineesch"]
[Result "0-1"]
[WhiteElo "1890"]
[BlackElo "1889"]

1. e4 c5 2. Bc4 e6 3. Nf3 Nc6 4. a4 a6 5. c3 d5 6. exd5 exd5 7. Ba2 Qe7+ 8. Qe2
Bg4 9. Bxd5 Qxe2+ 10. Kxe2 Nge7 11. Bxc6+ Nxc6 12. h3 Be6 13. Re1 O-O-O 14. Kf1
Na5 15. Na3 Nb3 16. Rb1 Bf5 17. d4 Bd3+ 18. Kg1 cxd4 19. Bg5 f6 20. Rbd1 dxc3
21. Bf4 Bxa3 22. bxa3 c2 23. Rc1 Nxc1 24. Rxc1 Bg6 25. Be3 Rd1+ 26. Ne1 Re8 27.
Kf1 Bd3+ 28. Kg1 Rxc1 0-1

[Event "AUTO-INT-661"]
[Site "http://www.queenalice.com/game.php?id=395934"]
[Date "2008.4.30"]
[Round "2"]
[White "Martineesch"]
[Black "arrabi"]
[Result "1-0"]
[WhiteElo "1927"]
[BlackElo "1874"]

1. d4 d5 2. Bf4 Nf6 3. h3 g6 4. e3 Bg7 5. Nf3 O-O 6. c3 Nh5 7. Bh2 Nd7 8. Bd3
Re8 9. Nbd2 c6 10. O-O e5 11. dxe5 Nxe5 12. Nxe5 Bxe5 13. Bxe5 Rxe5 14. Nf3 Re8
15. Qc2 f5 16. b4 Nf6 17. c4 Ne4 18. cxd5 cxd5 19. Rac1 a6 20. Qc7 Qe7 21. Qb6
Qe6 22. Qxe6+ Rxe6 23. Nd4 Re7 24. Rc2 Be6 25. Rfc1 Rae8 26. Rc7 Bf7 27. b5 axb5
28. Bxb5 Rxc7 29. Rxc7 Rb8 30. a4 Nd6 31. Rd7 Nxb5 32. axb5 Kf8 33. b6 Ke8 34.
Rc7 h5 35. h4 Kf8 36. Nf3 Be8 37. Ng5 Bc6 38. Nh7+ Kg8 39. Nf6+ Kf8 40. Rxc6 1-0

[Event "AUTO-INT-661"]
[Site "http://www.queenalice.com/game.php?id=395935"]
[Date "2008.4.30"]
[Round "2"]
[White "lordek"]
[Black "Martineesch"]
[Result "0-1"]
[WhiteElo "1972"]
[BlackElo "1875"]

1. e4 e6 2. d4 c5 3. c3 d5 4. Bd3 c4 5. Bc2 Nc6 6. e5 h6 7. Qg4 h5 8. Qg3 Nge7
9. Nh3 Nf5 10. Bxf5 exf5 11. Bf4 Qb6 12. Bc1 h4 13. Qg5 Qd8 14. Qe3 Be7 15. Nd2
Be6 16. Nf3 Qd7 17. Bd2 O-O-O 18. b3 f6 19. bxc4 dxc4 20. O-O Bd5 21. exf6 gxf6
22. Nf4 h3 23. Nxh3 Rxh3 24. gxh3 Rg8+ 25. Kh1 f4 26. Qxf4 Qxh3 0-1

[Event "AUTO-INT-661"]
[Site "http://www.queenalice.com/game.php?id=395936"]
[Date "2008.4.30"]
[Round "2"]
[White "Martineesch"]
[Black "lordek"]
[Result "1-0"]
[WhiteElo "1895"]
[BlackElo "1952"]

1. d4 f5 2. g3 Nf6 3. Bg2 e6 4. c4 c6 5. b3 d5 6. Nh3 Be7 7. O-O O-O 8. Ba3 Ne4
9. f3 Nd6 10. cxd5 cxd5 11. e3 Nc6 12. Nf4 Qa5 13. Qd2 Qd8 14. Qd3 Bd7 15. Nc3
Qa5 16. Bc5 b6 17. Bxd6 Bxd6 18. h3 Rac8 19. a3 Bxa3 20. Nb1 Nb4 21. Rxa3 Qxa3
22. Nxa3 Nxd3 23. Nxd3 Rc3 24. Ne5 Be8 25. Rb1 Rxe3 26. Kf2 1-0